000 01511ctm a22003011a 4500
003 SA-RiAUC
005 20250523142929.0
007 co ug ---uuauu         
008 250521s1999 su fsbm 00000 ara c
040 _aSA-JeALM
_bara
_cSA-RiAUC
_erda
043 _aa-su---
082 0 4 _a953.121
_qSA-RiAUC
090 _aر 953.121
_bع ب د
100 1 _aالعبدلي، عائشة مانع عبيد
245 1 0 _aإمارة الحج في عصر الدولة المملوكية وأثرها على الأوضاع الداخلية بمكة المكرمة 648-923 هـ / 1258-1517 م /
_cإعداد عائشة مانع عبيد العبدلي ؛ إشراف جميل عبد الله محمد المصري.
260 _c1999
264 _aمكة المكرمة :
_bجامعة ام القرى.
_c1999
300 _a375 صفحة.
_c30سم.
500 _aإشراف : جميل عبد الله محمد المصري.
502 _aأطروحة (ماجستير)-جامعة أم القرى، كلية الشريعة، الدراسات العليا التاريخية والحضارية، 1999.
504 _aيشتمل على إرجاعات ببليوجرافية.
650 7 _aالحجاج
_vأقراص مدمجة
_2aucsh
650 7 _aالحج
_xتاريخ
_2aucsh
650 7 _aالمماليك
_xتاريخ
_2aucsh
651 7 _aمكة المكرمة
_xتاريخ
_yالعصر المملوكي، 648-922 هجري
_2aucsh
942 _2ddc
_cTHESES
_n0
949 _aSA-JeALM
_d250521
_uosman123
_n1
999 _c8270
_d8270